000 01366cam a2200289 a 4500
001 17208637
005 20220325171258.0
008 120313s2013 enk b 001 0 eng
010 _a 2012010832
020 _a9781138109391
040 _aDLC
_cDLC
_dDLC
042 _apcc
050 0 0 _aKZ5645
_b.B79 2013
100 1 _aBryden, Alan.
245 1 0 _aInternational law, politics, and inhumane weapons :
_bthe effectiveness of global landmine regimes /
_cAlan Bryden.
260 _aAbingdon, Oxon ;
_aNew York :
_bRoutledge,
_c2013.
300 _axii, 173 p. ;
_c25 cm.
490 0 _aLaw, conflict and international relations
504 _aIncludes bibliographical references (p. [158]-169) and index.
505 0 _aThe design, implementation, and effectiveness of global landmine regimes -- Regimes prohibiting the use in war of poison gas and dum dum bullets -- The emergence of the landmine regimes -- Implementing the landmine regimes -- Humanitarian demining -- Stockpile destruction -- The effectiveness of global landmine regimes.
650 0 _aLand mines (International law)
650 0 _aMines (Military explosives) (International law).
650 0 _aHumanitarian law.
906 _a7
_bcbc
_corignew
_d1
_eecip
_f20
_gy-gencatlg
942 _2lcc
_cBOOK
999 _c6615
_d6615